000 00385 a2200169 4500
001 183388
020 _a85-16-00148-2
040 _cMagnum
100 _aBrasil, Francisco de Assis Almeida
240 1 0 _aO cantor prisioneiro
_lpor
245 1 0 _aO cantor prisioneiro
300 _a37
362 0 _a1993
440 1 _aModerna
697 _aLITERATURA INFANTO-JUVENIL
942 _cBK
999 _c183388
_d183388